All Lord of the Rings and The Hobbit Characters-W - Statistics

General Stats
  • This quiz has been taken 12 times
  • The average score is 2 of 5
Answer Stats
Times Mentioned Answer % Correct
4 Will Whitfoot
100%
11 The Witch-king of Angmar
33%
2 Widfara
33%
1 Walda
0%
2 Wolf
0%
No matching quizzes found
Score Distribution
Percent of People with Each Score
Percentile by Number Answered
Your Score History
You have not taken this quiz